000 00483nam a2200181Ia 4500
003 GCL
008 140319s9999 xx 000 0 eng d
040 _aGCL /
_cGCL
082 0 4 _a302
_bG S
100 1 _aGOLDSTEIN, JEFFREY H
245 1 0 _aSOCIAL PSYCHOLOGY /
_cGOLDSTEIN, JEFFREY H
260 _a[S.N] :
_bACADEMIC PRESS LIMITED. ،
_c1980
300 _a538
650 0 4 _aالحضارة الفرعونية
650 0 4 _aPSYOLOGY
650 0 4 _aSOCIAL SCIENCE
942 _2ddc
_cBK
999 _c14799
_d14799